• 首页
  • 本馆介绍
  • 公告通知
  • 最新文献
  • 馆藏检索
  • 电子资源
  • 读者导购
  • 参考咨询
  • 我的图书馆
  • 登录
  • 详细信息显示
  • 放入我的书架
  • 预约/预借图书
  • 作者相关作品
  • 分类相关作品
  • 丛书相关作品
  • 出版社相关作品

书目信息

  • 表格格式
  • 工作单格式
  • 卡片格式
题名:
美国的战争
    
 
作者: 章杨 编著
分册:  
出版信息: 北京   中国社会科学出版社  2003.02
页数: 143页
开本: 21cm
丛书名:
单 册:
中图分类: D771.2
科图分类: 33.816
主题词: 反恐怖活动对外战争美国 , 反恐怖活动
电子资源:
ISBN: 7-5004-3679-3
000 00867nam0 2200301 450
001 0102265230
005 20060921094203.77
010    @a7-5004-3679-3@dCNY18.00
092    @aCN@b0001674-239
100    @a20030930d2003 em y0chiy0120 ea
101 0  @achi
102    @aCN@b110000
105    @aaf z 000yy
200 1  @a美国的战争@Amei guo de zhan zheng@e从阿富汗到伊拉克@f章杨编著@Fzhang yang bian zhu
210    @a北京@c中国社会科学出版社@d2003.02
215    @a143页@c图@d21cm
312    @a英文并列题名取自封面
330    @a小布会"倒萨"决策内幕.
510 1  @aUSA war@zeng
517 1  @a从阿富汗到伊拉克@9cong a fu han dao yi la ke
606 0  @a反恐怖活动对外战争美国
606 0  @a反恐怖活动
690    @aD771.2@v4
692    @a33.816
701  0 @a章杨@4编著
801    @acn@bbwkj@c20060921
905    @aBZT@dD771.2@e16
906    @dCNY18.00@n0@r1
    
    美国的战争:从阿富汗到伊拉克/章杨编著.-北京:中国社会科学出版社,2003.02
    143页:图;21cm
    
    
    ISBN 7-5004-3679-3:CNY18.00
    小布会"倒萨"决策内幕.
●
相关链接 在五车中查询图书 在当当中查询图书 在豆瓣中查询图书


正题名:美国的战争     索取号:D771.2/16         预约/预借

序号 登录号 条形码 馆藏地/架位号 状态 备注
1 461672   230060538   中心书库南/012架A面5层2列/ [索取号:D771.2/16] 在馆    
2 461673   230060539   中心书库南/012架A面5层2列/ [索取号:D771.2/16] 在馆    
3 461674   230060540   中心书库南/012架A面5层2列/ [索取号:D771.2/16] 在馆    
4 490104   230023830   中心书库南/012架A面5层2列/ [索取号:D771.2/16] 在馆    
5 490105   230023829   中心书库南/012架A面5层2列/ [索取号:D771.2/16] 在馆    
6 490106   230023828   中心书库南/012架A面5层2列/ [索取号:D771.2/16] 在馆    
7 490107   230023827   中心书库南/012架A面5层2列/ [索取号:D771.2/16] 在馆    
8 490108   230023826   中心书库南/012架A面5层2列/ [索取号:D771.2/16] 在馆    
山东省滨州职业学院图书馆 欢迎您!
大连网信软件有限公司© 版权所有